| 000 | 01693cam a22004094i 4500 | ||
|---|---|---|---|
| 003 | PE-LiUPU | ||
| 005 | 20250731184101.0 | ||
| 008 | 190920s2008 pe r 000 0 spa d | ||
| 020 | _a9972239497 | ||
| 020 | _a9789972239496 | ||
| 035 | _a(Sirsi) a252550 | ||
| 040 |
_aPE-LiUPU _bspa _cPE-LiUPU _erda |
||
| 049 | _aPRUA | ||
| 082 | 0 | 4 |
_a869.56 _bG65 _223 |
| 100 | 1 |
_aGonzález Viaña, Eduardo, _eautor. |
|
| 245 | 1 | 3 |
_aEl corrido de Dante / _cEduardo González Viaña. |
| 250 | _aPrimera edición. | ||
| 300 |
_a294 páginas ; _c23 centímetros. |
||
| 336 |
_atext _2rdacontent |
||
| 337 |
_aunmediated _2rdamedia |
||
| 338 |
_avolume _2rdacarrier |
||
| 490 | 0 | _aAutores españoles e iberoamericanos | |
| 505 | 0 | _aEl primero que llego a la fiesta de un burro -- Los que creen que saben no lo saben por completo -- El llorar sin reír hace mal -- Los arboles susurran y las ballenas cantan -- Mas fasos testimonios sobre Virgilio -- el consuelo de rodear mundo es que uno se hace más duro -- El gringo más largo y viejo del mundo -- Esto que creemos aire, no es aire. Es agua -- Beatriz no se veía. | |
| 526 | _aP145 | ||
| 526 | _aP127 | ||
| 526 | _aP97 | ||
| 526 | _aP14 | ||
| 526 | _aP07 | ||
| 650 | 0 | 4 | _aInmigrantes en la literatura. |
| 910 |
_abgr _bksl _cksl _d20190920 |
||
| 942 |
_2ddc _cBOOK |
||
| 994 |
_aC0 _bPEPRU |
||
| 596 | _a1 | ||
| 999 |
_a869.56 G65 _wDEWEY _c31777 _i80663 _f2021-11-9 _g3 _lCCODEBUL1 _mBUL _p22.00 _r0 _sY _tBOOK _u2019-9-20 _xEDUCACION _PP20 _0DONACION _o.STAFF. Colección Ciencias Humanas y Educación _d31777 |
||
| 264 |
_aLima : _bPlaneta, _c2008. |
||
| 980 |
_81 _gALBERTO SANCHEZ Responsable de Automatización |
||